Komentár k zákonu č. 297/1999 Z.z. z 27. októbra 1999, ktorým sa mení a dopĺňa Zákonník práce
Hlavné zmeny, ktoré sú obsiahnuté v novele Zákonníka práce.
Enregistré dans:
| Auteur principal: | |
|---|---|
| Autres auteurs: | |
| Format: | Chapitre de livre |
| Langue: | slovaque |
| Sujets: | |
| Tags: |
Pas de tags, Soyez le premier à ajouter un tag!
|
MARC
| LEADER | 00000naa a2200000 4500 | ||
|---|---|---|---|
| 001 | r038577 | ||
| 005 | 20230807090234.7 | ||
| 041 | 0 | |a slo | |
| 044 | |a SK | ||
| 245 | 1 | 0 | |a Komentár k zákonu č. 297/1999 Z.z. z 27. októbra 1999, ktorým sa mení a dopĺňa Zákonník práce |c Mária Buchtová, Dušan Adamček |
| 520 | |a Hlavné zmeny, ktoré sú obsiahnuté v novele Zákonníka práce. | ||
| 610 | 2 | 0 | |a zákonník práce |
| 610 | 2 | 0 | |a novelizácia |
| 610 | 2 | 0 | |a komentáre |
| 610 | 2 | 0 | |a zamestnanci |
| 610 | 2 | 0 | |a zamestnávatelia |
| 610 | 2 | 0 | |a pomer pracovný |
| 610 | 2 | 0 | |a Slovensko |
| 610 | 2 | 0 | |a 1999 |
| 100 | 1 | |a Buchtová, Mária | |
| 700 | 1 | |a Adamček, Dušan | |